000 00497nam a2200181Ia 4500
003 GCL
008 140319s9999 xx 000 0 ara d
040 _aGCL /
_cGCL
082 0 4 _a811.008
_bد م
100 1 _aمحمد طاهر الجبلاوى
245 1 0 _aمهرجان الشعر الثالث /
_cمحمد طاهر الجبلاوى
300 _a332 ص
490 _a
650 0 4 _aالشعر العربى
650 0 4 _aالادب العربى
650 0 4 _aالشعر
942 _2ddc
_cBK
999 _c48001
_d48001